Szczegóły MARC21

Abyśmy o ojczyźnie naszej radzili : antologia publicystyki doby stanisławowskiej /

003 -Nazwa inst., której nr kontr. jest w polu 001 [,]
    • @
    • Nazwa instytucji, której n kontrolny jest w polu 001
    • NUKAT
005 -DATA I CZAS OSTATNIEJ MODYFIKACJI [,]
    • @
    • pole kontrolne
    • 20241231114621.0
020 -Międzynarod. znormalizowany nr książki - ISBN [ , ]
    • a
    • Numer ISBN
    • 8306007026 Find
040 -Instytucja sporządzająca opis [ , ]
    • a
    • Instytucja, która sporządziła opis (NP)
    • GD U/as
    • c
    • Instytucja, która sporządziła rekord (NP)
    • GD U/as
    • d
    • Instytucja, która zmodyfikowała rekord (P)
    • GD U/as
    • d
    • Instytucja, która zmodyfikowała rekord (P)
    • GD U/KMs
    • d
    • Instytucja, która zmodyfikowała rekord (P)
    • GD 27/LKs
942 -Rodzaj dokumentu [ , ]
    • c
    • Rodzaj dokumentu
    • Książka
245 -Strefa tytułu i oznaczenia odpowiedzialności [0,0]
    • a
    • Tytuł
    • Abyśmy o ojczyźnie naszej radzili : Find
    • b
    • Ciąg dalszy tytułu (NP)
    • antologia publicystyki doby stanisławowskiej / Find
    • c
    • Pozostałe elementy strefy tytułu i oznaczenia odpowiedzialności (NP)
    • oprac. Zbigniew Goliński.
260 -Strefa adresu wydawniczego [ , ]
    • a
    • Miejsce wydania (P)
    • Warszawa :
    • b
    • Nazwa wydawcy (P)
    • Państ. Instytut Wydawniczy,
    • c
    • Data wydania (P)
    • 1984.
300 -Strefa opisu fizycznego [ , ]
    • a
    • Określenie formy książki i/lub objętość (NP)
    • 434 s., [80] s. tabl. ;
    • c
    • Format (NP)
    • 25 cm.
336 -Typ zawartości [ , ]
    • a
    • Termin opisujący typ zawartości
    • Tekst
    • b
    • Kod określający zawartość
    • txt
    • 2
    • Źródło (terminu i kodu)
    • rdacontent
337 -Typ mediów [ , ]
    • a
    • Tryb odtwarzania
    • Bez urządzenia pośredniczącego
    • b
    • Kod typu mediów
    • n
    • 2
    • Źródło (terminu i kodu)
    • rdamedia
338 -Typ/rodzaj nośnika [ , ]
    • a
    • Hasło opisujące typ nośnika
    • Wolumin
    • b
    • Kod typu nośnika
    • nc
    • 2
    • Źródło (terminu i kodu)
    • rdacarrier
504 -Uwaga dot. bibliogr. załącznikowej [ , ]
    • a
    • Uwaga dot. bibliografii załącznikowej
    • Indeks.
080 -Uniwersalna Klasyfikacja Dziesiętna [ , ]
    • a
    • Symbol klasyfikacji
    • 943.8.06
080 -Uniwersalna Klasyfikacja Dziesiętna [ , ]
    • a
    • Symbol klasyfikacji
    • :884-92
651 -Hasło przedmiotowe w formie nazwy geograficznej [ ,7]
    • a
    • Nazwa geograficzna
    • Polska
    • y
    • Określnik chronologiczny
    • 1764-1795 (Stanisław August Poniatowski)
    • v
    • Określnik formalny
    • źródła.
    • 2
    • Źródło terminu
    • kaba
    • 9
    • KHW
    • 359621
655 -Hasło w funkcji tematu formalnego [ ,7]
    • a
    • Hasło
    • Publicystyka polska
    • y
    • Określnik chronologiczny
    • 18 w.
    • v
    • Określnik formy
    • antologie.
    • 2
    • Źródło terminu
    • kaba
    • 9
    • KHW
    • 359622
700 -Hasło dodatkowe - nazwa osobowa [1, ]
    • a
    • Nazwa osobowa (NP)
    • Goliński, Zbigniew Find
    • d
    • Daty biograficzne (NP)
    • (1925-2008).
    • e
    • Określenie rodzaju współpracy
    • Oprac.
    • 9
    • KHW
    • 16862
710 -Hasło dodatkowe - nazwa ciała zbiorowego [2, ]
    • a
    • Nazwa ciała zbiorowego lub nazwa geograficzna jako pierwszy element (NP)
    • Państwowy Instytut Wydawniczy.
    • 4
    • Kod relacji
    • pbl
    • 9
    • KHW
    • 51410
920 -ISBN [ , ]
    • a
    • ISBN
    • 83-06-00702-6 Find
Sygnatura Status udost. Numer inwentarzowy Uwagi nie widoczne w OPAC Lokalizacja Data inwentaryzacji
Z.584301Z.58430 BG1996-01-09
POL. Antologie 031P.19444 BM2004-10-01
 -3P.4761 BM1996-01-09
 1H.2246 BNS1996-01-09
9P1/A-171ANS.157291retrokonwersja ANSBNS